[Event "38th ECC Open 2023"]
[Site "Durres ALB"]
[Date "2023.10.03"]
[Round "3.3"]
[Board "6"]
[White "Bartel, Mateusz"]
[Black "Huzman, Alexander"]
[Result "1/2-1/2"]
[WhiteTitle "GM"]
[BlackTitle "GM"]
[WhiteElo "2651"]
[BlackElo "2526"]
[WhiteTeam "Novy Bor"]
[BlackTeam "Beer Sheva Chess Club"]
[WhiteFideId "1112635"]
[BlackFideId "2803828"]
[EventDate "2023.10.01"]

1. e4 e5 2. Nf3 Nf6 3. Nxe5 d6 4. Nf3 Nxe4 5. Nc3 Nxc3 6. dxc3 Be7 7. Be3 O-O 8.
Qd2 Nd7 9. O-O-O Nf6 10. Bd3 Re8 11. h4 d5 12. Bg5 h6 13. Rde1 c5 14. Bxh6 Ne4
15. Bxe4 dxe4 16. Qxd8 Bxd8 17. Bf4 b6 18. Nd2 Bb7 19. Nc4 Re6 20. Rd1 b5 21.
Ne3 c4 22. h5 Bc6 23. g4 Bb6 24. g5 Rd8 25. Rdg1 Kh7 26. h6 g6 27. Rd1 f6 28.
Rhg1 fxg5 29. Bxg5 Rf8 30. Rd2 Bc7 31. Ng4 a6 32. Be3 Rf7 33. Rgd1 g5 34. Rd8
Bxd8 35. Rxd8 Be8 36. b4 Kg6 37. Rd5 Kh7 38. Rxg5 Rg6 39. Rxg6 Kxg6 40. Ne5+ Kf6
41. Nxf7 Bxf7 42. Bd4+ Kg6 43. Bg7 e3 44. fxe3 Bd5 45. Kd2 Be4 46. Ke2 Kf7 47.
Kf2 Ke6 48. Kg3 Kd5 49. Kf4 Bxc2 50. Bf8 Bd3 51. Kf3 Be4+ 52. Ke2 Bh7 53. Kd2
Ke4 54. Bc5 Kf3 55. Bd4 Bg6 56. Ke1 Bh7 57. Kf1 Bg6 58. Kg1 Kg3 59. Be5+ Kf3 60.
Bd4 Kg3 61. Bc5 Bh7 62. Bd6+ Kf3 63. Bf4 Ke4 64. Kf2 Kd5 65. Kf3 Bg6 66. Bg5 Bh7
67. Bf6 Bg6 68. Bd4 Bh7 69. Ke2 Ke4 70. Kd2 Kf3 71. Kc1 Ke2 72. a4 Be4 73. a5 1/2-1/2

[Event "38th ECC Open 2023"]
[Site "Durres ALB"]
[Date "2023.10.03"]
[Round "3.4"]
[Board "1"]
[White "Vachier-Lagrave, Maxime"]
[Black "Sanal, Vahap"]
[Result "1-0"]
[WhiteTitle "GM"]
[BlackTitle "GM"]
[WhiteElo "2727"]
[BlackElo "2603"]
[WhiteTeam "Asnieres - Le Grand Echiquier"]
[BlackTeam "Gokturk Chess Sport Club"]
[WhiteFideId "623539"]
[BlackFideId "6300545"]
[EventDate "2023.10.01"]

1. e4 e5 2. Nf3 Nc6 3. Bb5 Nf6 4. O-O Nxe4 5. d4 Nd6 6. Bxc6 dxc6 7. dxe5 Nf5 8.
Qxd8+ Kxd8 9. Nc3 Be7 10. Bf4 Bd7 11. Rad1 Kc8 12. h3 Nh4 13. Nxh4 Bxh4 14. Ne4
Bf5 15. f3 b6 16. g4 Bg6 17. Rd2 Rd8 18. Re2 Rd4 19. Be3 Ra4 20. Nc3 Rc4 21. f4
f5 22. exf6 Bxf6 23. f5 Bf7 24. Bf4 Rb4 25. Nd1 Kb7 26. b3 Rd4 27. Be5 Bxe5 28.
Rxe5 Rad8 29. Re7 Rf8 30. Ne3 Kc8 31. f6 g5 32. Re5 Bg6 33. Rxg5 Re4 34. Nc4 Re2
35. Ne5 Be4 36. Rf4 Rd8 37. Kf1 Rdd2 38. Rxe4 Rxe4 39. f7 Rf4+ 40. Ke1 Rdf2 41.
Rg8+ Kb7 42. Rd8 Rf6 43. h4 c5 44. h5 h6 45. Re8 R2f4 46. Ke2 b5 47. g5 hxg5 48.
h6 Rxh6 49. f8=Q Rxf8 50. Rxf8 Ra6 51. Rf5 Rxa2 52. Kd2 c4 53. bxc4 b4 54. Nd3
a5 55. Rb5+ Ka7 56. Rxg5 b3 57. Kc3 bxc2 58. Kb3 1-0

[Event "38th ECC Open 2023"]
[Site "Durres ALB"]
[Date "2023.10.03"]
[Round "3.4"]
[Board "2"]
[White "Yilmaz, Mustafa"]
[Black "Martirosyan, Haik M."]
[Result "0-1"]
[WhiteTitle "GM"]
[BlackTitle "GM"]
[WhiteElo "2640"]
[BlackElo "2696"]
[WhiteTeam "Gokturk Chess Sport Club"]
[BlackTeam "Asnieres - Le Grand Echiquier"]
[WhiteFideId "6302718"]
[BlackFideId "13306553"]
[EventDate "2023.10.01"]

1. Nf3 d5 2. d4 Nf6 3. c4 e6 4. Nc3 Nbd7 5. cxd5 exd5 6. Bg5 c6 7. Qc2 Be7 8. e3
h6 9. Bh4 O-O 10. Bd3 Re8 11. O-O Ne4 12. Bxe4 Bxh4 13. Bh7+ Kf8 14. Nxh4 Qxh4
15. Bd3 Qe7 16. Rfe1 Nf6 17. f3 Be6 18. Rad1 Rad8 19. Qa4 a6 20. Qc2 Bc8 21. Bf1
g6 22. Qf2 Kg7 23. Bd3 Qd6 24. Bc2 Re7 25. h3 Nh5 26. g4 Nf6 27. e4 dxe4 28.
fxe4 Nh7 29. e5 Qb4 30. d5 Qxb2 31. d6 Ree8 32. Na4 Qxa2 33. Ra1 Qc4 34. Nb6 Qc3
35. Nxc8 Rxe5 36. Rxe5 Qxe5 37. Re1 Qf6 38. Qxf6+ Kxf6 39. Nb6 Rxd6 40. Be4 Ng5
41. Bg2 Rd4 42. Rb1 Ne6 43. Bf1 Ke7 44. Kf2 Rd2+ 45. Ke3 Ra2 46. Nc8+ Kd7 47.
Rxb7+ Kxc8 48. Rxf7 Ra3+ 49. Kd2 Nc5 50. Rh7 g5 51. Rxh6 Kc7 52. h4 gxh4 53.
Rxh4 Rg3 54. Rh7+ Kb6 55. Rg7 a5 56. Kc2 a4 57. Rg8 Ne6 58. Bc4 Nd4+ 59. Kb2 Kc5
60. Bf7 Rf3 61. Rg7 Kb4 62. Bg8 Rf2+ 63. Kc1 Kc3 64. Rf7 Nb3+ 65. Kd1 Rxf7 66.
Bxf7 a3 0-1

[Event "38th ECC Open 2023"]
[Site "Durres ALB"]
[Date "2023.10.03"]
[Round "3.4"]
[Board "3"]
[White "Moussard, Jules"]
[Black "Can, Emre"]
[Result "1/2-1/2"]
[WhiteTitle "GM"]
[BlackTitle "GM"]
[WhiteElo "2642"]
[BlackElo "2576"]
[WhiteTeam "Asnieres - Le Grand Echiquier"]
[BlackTeam "Gokturk Chess Sport Club"]
[WhiteFideId "642908"]
[BlackFideId "6302181"]
[EventDate "2023.10.01"]

1. e4 c5 2. Nf3 d6 3. d4 cxd4 4. Nxd4 Nf6 5. Nc3 a6 6. Be3 e5 7. Nb3 Be7 8. f3
Be6 9. Qd2 h5 10. O-O-O Nbd7 11. Kb1 Rc8 12. Bd3 b5 13. h3 h4 14. f4 Qc7 15.
Rhe1 O-O 16. g4 exf4 17. Bxf4 Ne5 18. Nd4 Rfe8 19. Qg2 Bf8 20. Nxe6 Rxe6 21.
Bxe5 dxe5 22. Nd5 Qc5 23. Rf1 Be7 24. c3 g6 25. Bc2 Nxd5 26. Rxd5 Qc7 27. Bb3
Bg5 28. Rfd1 Rf6 29. Rd7 Qb6 30. a3 Rc7 31. Rxc7 Qxc7 32. Rf1 Qb6 33. Rxf6 Qxf6
34. Qe2 Qd6 35. Bd5 Qb6 36. Ka2 Kf8 37. Qf1 Bf4 38. Qe1 Bg5 39. Qf1 Bf4 40. Qe1
Bg5 1/2-1/2

[Event "38th ECC Open 2023"]
[Site "Durres ALB"]
[Date "2023.10.03"]
[Round "3.4"]
[Board "4"]
[White "Gokerkan, Cem Kaan"]
[Black "Oparin, Grigoriy"]
[Result "1/2-1/2"]
[WhiteTitle "GM"]
[BlackTitle "GM"]
[WhiteElo "2515"]
[BlackElo "2681"]
[WhiteTeam "Gokturk Chess Sport Club"]
[BlackTeam "Asnieres - Le Grand Echiquier"]
[WhiteFideId "6336760"]
[BlackFideId "24125890"]
[EventDate "2023.10.01"]

1. e4 c5 2. Nf3 Nc6 3. d4 cxd4 4. Nxd4 Nf6 5. Nc3 e5 6. Ndb5 d6 7. Bg5 a6 8. Na3
b5 9. Nd5 Be7 10. Bxf6 Bxf6 11. c4 b4 12. Nc2 a5 13. g3 O-O 14. h4 Be6 15. Bh3
a4 16. b3 g6 17. Kf1 Bg7 18. Kg2 h5 19. Ndxb4 axb3 20. axb3 Rxa1 21. Qxa1 Nxb4
22. Nxb4 Qb6 23. Qc3 Rb8 24. Nd5 Bxd5 25. cxd5 Qxb3 26. Qxb3 Rxb3 27. Rc1 Rb4
28. Kf3 Rb3+ 29. Kg2 Rb4 30. Kf3 Rb3+ 1/2-1/2

[Event "38th ECC Open 2023"]
[Site "Durres ALB"]
[Date "2023.10.03"]
[Round "3.4"]
[Board "5"]
[White "Movsesian, Sergei"]
[Black "Kilic, Eray"]
[Result "1-0"]
[WhiteTitle "GM"]
[BlackTitle "IM"]
[WhiteElo "2606"]
[BlackElo "2432"]
[WhiteTeam "Asnieres - Le Grand Echiquier"]
[BlackTeam "Gokturk Chess Sport Club"]
[WhiteFideId "310204"]
[BlackFideId "44517173"]
[EventDate "2023.10.01"]

1. e4 c5 2. Nf3 d6 3. d4 cxd4 4. Nxd4 Nf6 5. Nc3 a6 6. h3 e5 7. Nf3 Be7 8. Bc4
O-O 9. O-O Be6 10. Bb3 h6 11. Be3 Nbd7 12. Nh4 Kh7 13. Nf5 Nxe4 14. Qg4 Ng5 15.
Bxg5 hxg5 16. Bxe6 fxe6 17. Ng3 Rf6 18. Rad1 Rh6 19. Nce4 d5 20. c4 d4 21. Rd3
Nf8 22. Rb3 b6 23. Re1 Rc8 24. Nd2 Rh4 25. Qe2 Ng6 26. Nf3 Rh6 27. Qe4 Bf6 28.
Nh2 Rxc4 29. Ng4 b5 30. Rf3 Rh4 31. Qd3 Rxg4 32. hxg4 Kh6 33. Ne4 Nf4 34. Rxf4
gxf4 35. Qh3+ Bh4 36. g5+ Kh5 37. g3 fxg3 38. fxg3 d3 39. Qxh4+ Kg6 40. g4 Qd4+
41. Kf1 Kf7 42. g6+ Ke8 43. Qh8+ Kd7 44. Qxg7+ Kc6 45. Qh6 Rc2 46. Qe3 Qd5 47.
g7 d2 48. Rd1 1-0

[Event "38th ECC Open 2023"]
[Site "Durres ALB"]
[Date "2023.10.03"]
[Round "3.4"]
[Board "6"]
[White "Ozen, Deniz"]
[Black "Degraeve, Jean-Marc"]
[Result "1/2-1/2"]
[WhiteTitle "IM"]
[BlackTitle "GM"]
[WhiteElo "2382"]
[BlackElo "2479"]
[WhiteTeam "Gokturk Chess Sport Club"]
[BlackTeam "Asnieres - Le Grand Echiquier"]
[WhiteFideId "6349196"]
[BlackFideId "600270"]
[EventDate "2023.10.01"]

1. e4 c5 2. Nf3 g6 3. c3 Bg7 4. Bc4 e6 5. d4 cxd4 6. cxd4 d5 7. exd5 exd5 8.
Bb5+ Bd7 9. Bxd7+ Qxd7 10. Ne5 Qd6 11. O-O Ne7 12. Re1 O-O 13. Nc3 Nbc6 14. Bf4
Qb4 15. Rb1 Qxd4 16. Nxc6 Nxc6 17. Qxd4 Nxd4 18. Nxd5 Rfd8 19. Nc3 Ne6 20. Be5
Bxe5 21. Rxe5 Rd2 22. Rd5 Rc2 23. Nd1 Rac8 24. Ne3 Rc1+ 25. Rxc1 Rxc1+ 26. Rd1
Rxd1+ 27. Nxd1 Kg7 28. Kf1 Kf6 29. Ke2 Nf4+ 30. Kf3 Ke5 31. g3 Nd5 32. Ke2 Kd4
33. Kd2 b5 34. Ke2 h5 35. f4 h4 36. Nf2 hxg3 37. hxg3 Ne3 38. Nd3 Nc4 39. b3 Nd6
40. Ne5 Kc3 41. Nc6 Kb2 42. Nxa7 Kxa2 43. b4 Kb3 44. Nc6 Kc4 45. g4 Kd5 46. Ne5
Ke4 47. Nd3 Nc4 48. g5 Kd4 49. Nc5 Kc3 50. Nd3 Kd4 51. Nc5 Nb2 52. Nb7 Nc4 53.
Nc5 1/2-1/2

[Event "38th ECC Open 2023"]
[Site "Durres ALB"]
[Date "2023.10.03"]
[Round "3.5"]
[Board "1"]
[White "Amin, Bassem"]
[Black "Shirov, Alexei"]
[Result "1/2-1/2"]
[WhiteTitle "GM"]
[BlackTitle "GM"]
[WhiteElo "2680"]
[BlackElo "2655"]
[WhiteTeam "Schachclub Viernheim 1934 e.V."]
[BlackTeam "Schachgesellschaft Zurich"]
[WhiteFideId "10601457"]
[BlackFideId "2209390"]
[EventDate "2023.10.01"]

1. Nf3 d5 2. g3 Nf6 3. Bg2 c6 4. c4 g6 5. b3 Bg7 6. Bb2 O-O 7. O-O a5 8. d3 a4
9. b4 dxc4 10. dxc4 Qxd1 11. Rxd1 Be6 12. Na3 Na6 13. Bc3 Rfd8 14. Nd4 Nc7 15.
Nxe6 Nxe6 16. b5 Rxd1+ 17. Rxd1 Rc8 18. bxc6 bxc6 19. Nc2 Nc5 20. Bb4 Nfe4 21.
Bxc5 Nxc5 22. Nb4 e6 23. Nxc6 Rc7 24. Nb4 Bc3 25. Nc2 Rd7 26. Rxd7 Nxd7 27. Bc6
Nc5 28. Kf1 Kf8 29. e3 Ke7 30. Ke2 f5 31. Nd4 e5 32. Nb5 Ba5 33. f3 g5 34. g4 f4
35. exf4 exf4 36. Kd1 Kf6 37. Kc2 Ke5 38. Bd5 Na6 39. Be4 h6 40. Na7 Bb6 41.
Nc6+ Kd6 42. Kc3 a3 43. Nd4 Ke5 44. Nc6+ Kd6 45. h3 Nc5 46. Bd5 Ne6 47. Nb4 Nc5
48. Nc2 Ba5+ 49. Kd4 Bd8 50. Kc3 Ba5+ 51. Kd4 1/2-1/2

[Event "38th ECC Open 2023"]
[Site "Durres ALB"]
[Date "2023.10.03"]
[Round "3.5"]
[Board "2"]
[White "Bauer, Christian"]
[Black "Korobov, Anton"]
[Result "1/2-1/2"]
[WhiteTitle "GM"]
[BlackTitle "GM"]
[WhiteElo "2552"]
[BlackElo "2658"]
[WhiteTeam "Schachgesellschaft Zurich"]
[BlackTeam "Schachclub Viernheim 1934 e.V."]
[WhiteFideId "603767"]
[BlackFideId "14105730"]
[EventDate "2023.10.01"]

1. d4 Nf6 2. Nf3 d5 3. c4 e6 4. g3 Bb4+ 5. Bd2 Be7 6. Bg2 c6 7. O-O Nbd7 8. Qc2
O-O 9. Bf4 Nh5 10. Bc1 Nhf6 11. Bf4 Nh5 12. Bc1 Nhf6 13. Bf4 1/2-1/2

[Event "38th ECC Open 2023"]
[Site "Durres ALB"]
[Date "2023.10.03"]
[Round "3.5"]
[Board "3"]
[White "Kryvoruchko, Yuriy"]
[Black "Pelletier, Yannick"]
[Result "1/2-1/2"]
[WhiteTitle "GM"]
[BlackTitle "GM"]
[WhiteElo "2656"]
[BlackElo "2514"]
[WhiteTeam "Schachclub Viernheim 1934 e.V."]
[BlackTeam "Schachgesellschaft Zurich"]
[WhiteFideId "14109182"]
[BlackFideId "1301837"]
[EventDate "2023.10.01"]

1. e4 e6 2. d4 d5 3. Nc3 Nf6 4. e5 Nfd7 5. f4 c5 6. Nf3 Nc6 7. Be3 a6 8. Ne2
cxd4 9. Nexd4 Nc5 10. Be2 Be7 11. O-O O-O 12. c3 Qc7 13. Qc2 Bd7 14. Rac1 Rac8
15. Qb1 b5 16. Nd2 Qb7 17. a3 h6 18. Bf3 Nxd4 19. Bxd4 a5 20. b4 axb4 21. axb4
Na4 22. Qd3 Rc7 23. Nb3 Ra8 24. Be2 Qc8 25. Qg3 Qd8 26. Bd3 Rac8 27. Bb1 f5 28.
exf6 Bxf6 29. Nc5 Nxc5 30. bxc5 Rxc5 31. Bxc5 Rxc5 32. Qd3 Qc7 33. Qh7+ Kf8 34.
Bg6 Rxc3 35. Rcd1 b4 36. f5 Qc5+ 37. Kh1 e5 38. Qh8+ Ke7 39. Qg8 d4 40. Qf7+ Kd8
41. Ra1 Ra3 42. Rac1 Rc3 43. Ra1 Ra3 44. Rac1 Rc3 1/2-1/2

[Event "38th ECC Open 2023"]
[Site "Durres ALB"]
[Date "2023.10.03"]
[Round "3.5"]
[Board "4"]
[White "Petkidis, Anthony"]
[Black "Fedorchuk, Sergey A."]
[Result "1/2-1/2"]
[WhiteTitle "IM"]
[BlackTitle "GM"]
[WhiteElo "2429"]
[BlackElo "2564"]
[WhiteTeam "Schachgesellschaft Zurich"]
[BlackTeam "Schachclub Viernheim 1934 e.V."]
[WhiteFideId "24673390"]
[BlackFideId "14102536"]
[EventDate "2023.10.01"]

1. e4 c5 2. Nf3 e6 3. d4 cxd4 4. Nxd4 a6 5. Nc3 b5 6. Bd3 Bb7 7. O-O Nc6 8. Nxc6
Bxc6 9. Qe2 Qb8 10. f4 Bc5+ 11. Kh1 Ne7 12. Qh5 Bd4 13. Ne2 Bf6 14. e5 g6 15.
Qh6 Ng8 16. Qh3 Bg7 17. a4 Ne7 18. axb5 axb5 19. Be3 O-O 20. Bc5 Re8 21. Nc3
Rxa1 22. Rxa1 Nd5 23. Nxd5 Bxd5 24. Bf1 Rc8 25. b4 f6 26. Ra5 Bc6 27. Bd6 Qb6
28. Bc5 Qc7 29. Bd6 Qb6 30. Bc5 Qb8 31. Bd6 Qb6 1/2-1/2

[Event "38th ECC Open 2023"]
[Site "Durres ALB"]
[Date "2023.10.03"]
[Round "3.5"]
[Board "5"]
[White "Maze, Sebastien"]
[Black "Vogt, Lothar"]
[Result "1-0"]
[WhiteTitle "GM"]
[BlackTitle "GM"]
[WhiteElo "2546"]
[BlackElo "2286"]
[WhiteTeam "Schachclub Viernheim 1934 e.V."]
[BlackTeam "Schachgesellschaft Zurich"]
[WhiteFideId "613762"]
[BlackFideId "4611292"]
[EventDate "2023.10.01"]

1. e4 c5 2. Nf3 d6 3. Bb5+ Bd7 4. Bxd7+ Qxd7 5. c4 Nf6 6. Nc3 g6 7. d4 cxd4 8.
Nxd4 Bg7 9. f3 Nc6 10. Be3 O-O 11. O-O a6 12. Qd3 Rfc8 13. b3 Rab8 14. a4 e6 15.
Rad1 Rd8 16. Nde2 Qc7 17. Kh1 Rbc8 18. Rc1 Qa5 19. f4 Ng4 20. Bg1 f5 21. Rfd1
Nf6 22. Nd4 Nxd4 23. Bxd4 Qb4 24. exf5 gxf5 25. Qe2 Re8 26. Qb2 e5 27. Na2 Qa5
28. Bc3 Qb6 29. Nb4 Ne4 30. Rc2 Nxc3 31. Qxc3 Qa5 32. Nd5 Qxc3 33. Rxc3 exf4 34.
Rf3 Be5 35. h3 Kf7 36. Nxf4 Bxf4 37. Rxf4 Ke6 38. Rh4 1-0

[Event "38th ECC Open 2023"]
[Site "Durres ALB"]
[Date "2023.10.03"]
[Round "3.6"]
[Board "1"]
[White "Kadric, Denis"]
[Black "Donchenko, Alexander"]
[Result "1/2-1/2"]
[WhiteTitle "GM"]
[BlackTitle "GM"]
[WhiteElo "2579"]
[BlackElo "2676"]
[WhiteTeam "Elektroprivreda"]
[BlackTeam "Turkish Airlines Sports Club"]
[WhiteFideId "14403803"]
[BlackFideId "24603295"]
[EventDate "2023.10.01"]

1. e4 e5 2. Nf3 Nc6 3. Bc4 Bc5 4. O-O Nf6 5. d3 d6 6. c3 a5 7. Re1 O-O 8. h3 h6
9. Nbd2 Be6 10. Bb5 Ba7 11. Ba4 Rb8 12. Bc2 b5 13. Nf1 d5 14. exd5 Qxd5 15. Ng3
Rbd8 16. Qe2 Rfe8 17. Be3 Bxe3 18. fxe3 Qd6 19. Qf2 Ne7 20. d4 exd4 21. cxd4
Nfd5 22. e4 Nf4 23. Kh2 Qb6 24. a3 Rf8 25. Qe3 Nfg6 26. Rac1 f5 27. exf5 Bxf5
28. Nxf5 Nxf5 29. Qe6+ Qxe6 30. Rxe6 Nf4 31. Re4 Nd6 32. Bb3+ Kh8 33. Re7 Nf5
34. Rexc7 Ne2 35. Ne5 Nxc1 36. Ng6+ Kh7 37. Nxf8+ Rxf8 38. Rxc1 Nxd4 39. Bd5 Rd8
40. Be4+ Kg8 41. Rc7 Ne6 42. Ra7 a4 43. Bc6 Nd4 44. Bd7 Rb8 45. Kg3 g5 46. Kg4
Rb6 47. Kh5 Ne2 48. Kg4 Nd4 49. Rc7 Rf6 50. Kh5 Kf8 51. Bg4 Ne6 52. Bxe6 Rxe6
53. Rb7 Re2 54. Rxb5 Rxg2 55. Kxh6 Kf7 56. Rb6 Rg3 57. Kh5 Rxh3+ 58. Kxg5 Rh8
59. Kf5 Ke7 60. Ke5 Kd7 61. Kd5 Kc7 62. Rb4 Rh5+ 63. Kc4 Ra5 64. Rb5 Ra6 65. Kb4
Kc8 66. Rc5+ Kd7 67. Rc2 Ra8 68. Kb5 Kd6 69. Rh2 Kd7 70. Rh7+ Kd6 71. Rb7 Ke6
72. Kc6 Rc8+ 73. Kb6 Ra8 74. Kc7 Kd5 75. Rb4 Kc5 76. Rh4 Kb5 77. Rh5+ Ka6 78.
Rh6+ Kb5 79. Kb7 Rg8 80. Rh5+ Kc4 81. Rh4+ Kb5 1/2-1/2

[Event "38th ECC Open 2023"]
[Site "Durres ALB"]
[Date "2023.10.03"]
[Round "3.6"]
[Board "2"]
[White "Vallejo Pons, Francisco"]
[Black "Petrov, Nikita"]
[Result "1-0"]
[WhiteTitle "GM"]
[BlackTitle "GM"]
[WhiteElo "2680"]
[BlackElo "2551"]
[WhiteTeam "Turkish Airlines Sports Club"]
[BlackTeam "Elektroprivreda"]
[WhiteFideId "2205530"]
[BlackFideId "4101286"]
[EventDate "2023.10.01"]

1. c4 Nf6 2. Nc3 e5 3. Nf3 Nc6 4. g3 Nd4 5. Bg2 Nxf3+ 6. Bxf3 Bb4 7. g4 h6 8. h4
c6 9. Rg1 d6 10. d3 Nh7 11. Qa4 a5 12. a3 Bxc3+ 13. bxc3 Nf8 14. Be3 Ne6 15. d4
O-O 16. g5 hxg5 17. hxg5 f5 18. gxf6 Qxf6 19. Rd1 Nf4 20. c5 dxc5 21. Qc4+ Be6
22. Qxc5 Rad8 23. Qxe5 Qxe5 24. dxe5 Nd3+ 25. Rxd3 Rxd3 26. exd3 Rxf3 27. Kd2 b5
28. a4 Rf5 29. Bd4 Bb3 30. axb5 cxb5 31. Rg6 a4 32. Rb6 a3 33. Rxb5 a2 34. c4
Rxf2+ 35. Ke3 1-0

[Event "38th ECC Open 2023"]
[Site "Durres ALB"]
[Date "2023.10.03"]
[Round "3.6"]
[Board "3"]
[White "Draskovic, Luka"]
[Black "Bluebaum, Matthias"]
[Result "0-1"]
[WhiteTitle "GM"]
[BlackTitle "GM"]
[WhiteElo "2481"]
[BlackElo "2668"]
[WhiteTeam "Elektroprivreda"]
[BlackTeam "Turkish Airlines Sports Club"]
[WhiteFideId "944335"]
[BlackFideId "24651516"]
[EventDate "2023.10.01"]

1. e4 c6 2. Nf3 d5 3. d3 Bg4 4. Be2 e6 5. O-O Nf6 6. Nbd2 Be7 7. Ne5 Bxe2 8.
Qxe2 O-O 9. Ndf3 Na6 10. h3 Nc5 11. Ng4 Nxg4 12. hxg4 dxe4 13. dxe4 Qb6 14. b3
Bf6 15. Rb1 Rfd8 16. Be3 Qb4 17. Bxc5 Qxc5 18. Rbd1 Qa3 19. c4 h6 20. g3 a5 21.
Kg2 a4 22. Qc2 axb3 23. axb3 Qb2 24. Qxb2 Bxb2 25. Rxd8+ Rxd8 26. Rb1 Bf6 27.
Kf1 Kf8 28. Ke2 Ra8 29. Rd1 Ke8 30. Rd3 Be7 31. Rd2 Bb4 32. Rb2 Ra1 33. Kd3 Ke7
34. e5 Rc1 35. Ke2 Kd7 36. g5 hxg5 37. Nxg5 f6 38. exf6 gxf6 39. Ne4 f5 40. Nd2
e5 41. Ra2 Kd6 42. g4 fxg4 43. Ne4+ Kc7 44. Ra4 Bc3 45. Ra8 Bd4 46. Rg8 Rb1 47.
Rxg4 Rb2+ 48. Kd1 Rxb3 49. f4 exf4 50. Rxf4 Rb2 51. Kc1 Rb4 52. Kd2 c5 53. Kd3
Rb3+ 54. Kc2 Re3 55. Rh4 Kb6 56. Rh6+ Ka5 57. Nd6 b6 58. Nb7+ Ka6 59. Nd6 Rc3+
60. Kd2 Rf3 61. Nc8 Be3+ 62. Ke2 Bxh6 63. Kxf3 Bf8 0-1

[Event "38th ECC Open 2023"]
[Site "Durres ALB"]
[Date "2023.10.03"]
[Round "3.6"]
[Board "4"]
[White "Cheparinov, Ivan"]
[Black "Tomic, Aleksandar"]
[Result "1-0"]
[WhiteTitle "GM"]
[BlackTitle "IM"]
[WhiteElo "2658"]
[BlackElo "2405"]
[WhiteTeam "Turkish Airlines Sports Club"]
[BlackTeam "Elektroprivreda"]
[WhiteFideId "2905540"]
[BlackFideId "16501799"]
[EventDate "2023.10.01"]

1. e4 d5 2. exd5 Qxd5 3. Nc3 Qe5+ 4. Be2 Bg4 5. d4 Bxe2 6. Ngxe2 Qa5 7. O-O Nf6
8. Nf4 e6 9. d5 Bd6 10. dxe6 O-O 11. Nfd5 Nxd5 12. exf7+ Rxf7 13. Qxd5 Qxd5 14.
Nxd5 Nc6 15. Be3 Ne5 16. Rad1 Ng4 17. g3 Nxe3 18. Nxe3 Bc5 19. Rd5 b6 20. Rd2
Bxe3 21. fxe3 Re7 22. Rd3 Rae8 23. Kf2 c5 24. c4 h5 25. h4 Re4 26. b3 R8e7 27.
Ke2 Rg4 28. Rf3 g6 29. Kf2 g5 30. hxg5 Rxg5 31. Rf4 Reg7 32. e4 Kh7 33. Kg2 a6
34. a4 b5 35. axb5 axb5 36. cxb5 Rb7 37. Rd5 Rxd5 38. exd5 Rxb5 39. Rf3 Kg6 40.
d6 Rb8 41. d7 1-0

[Event "38th ECC Open 2023"]
[Site "Durres ALB"]
[Date "2023.10.03"]
[Round "3.6"]
[Board "5"]
[White "Djurovic, Peko"]
[Black "Santos Latasa, Jaime"]
[Result "1/2-1/2"]
[BlackTitle "GM"]
[WhiteElo "2327"]
[BlackElo "2650"]
[WhiteTeam "Elektroprivreda"]
[BlackTeam "Turkish Airlines Sports Club"]
[WhiteFideId "16503902"]
[BlackFideId "2293307"]
[EventDate "2023.10.01"]

1. e4 c5 2. Nf3 Nc6 3. Bb5 e6 4. c3 a6 5. Ba4 b5 6. Bc2 Bb7 7. O-O Nge7 8. d4
cxd4 9. Nxd4 Nxd4 10. cxd4 Ng6 11. g3 Bd6 12. Nc3 b4 13. Ne2 O-O 14. e5 Bb8 15.
h4 f5 16. Bg5 Qe8 17. Qd2 h6 18. Be3 Nxh4 19. gxh4 Qg6+ 20. Bg5 Qh5 21. f3 hxg5
22. Qxg5 Bxf3 23. Nf4 Qg4+ 24. Kf2 Ba7 25. Ke3 Rac8 26. Bb3 Qxg5 27. hxg5 Be4
28. g6 Rfe8 29. Rf2 Kf8 30. Rh2 Ke7 31. Rh7 Rg8 32. Nh5 Kf8 33. Ng3 Bc6 34. Rf1
Ke7 35. Nh5 Bb5 36. Rf2 Kf8 37. Rxf5+ exf5 38. Bxg8 Re8 39. Bf7 Rxe5+ 40. Kf4
Bxd4 41. Rh8+ Ke7 42. Nxg7 Re4+ 43. Kxf5 Bd3 44. Re8+ Kd6 45. Rxe4 Bxg7 46. Bc4 1/2-1/2

[Event "38th ECC Open 2023"]
[Site "Durres ALB"]
[Date "2023.10.03"]
[Round "3.6"]
[Board "6"]
[White "Gurel, Ediz"]
[Black "Kisic, Bozidar"]
[Result "1-0"]
[WhiteTitle "IM"]
[BlackTitle "FM"]
[WhiteElo "2514"]
[BlackElo "2211"]
[WhiteTeam "Turkish Airlines Sports Club"]
[BlackTeam "Elektroprivreda"]
[WhiteFideId "44507356"]
[BlackFideId "16500350"]
[EventDate "2023.10.01"]

1. e4 Nf6 2. e5 Nd5 3. d4 d6 4. c4 Nb6 5. f4 dxe5 6. fxe5 Nc6 7. Be3 Bf5 8. Nc3
e6 9. Nf3 Bb4 10. Be2 Na5 11. c5 Nd5 12. Bd2 Ne7 13. O-O O-O 14. Bg5 Bxc3 15.
bxc3 Qd7 16. Nh4 Bg6 17. Nxg6 fxg6 18. Qd3 b6 19. Bxe7 Qxe7 20. Bg4 Rae8 21.
Rae1 Nc6 22. Bd1 Nd8 23. cxb6 axb6 24. Bb3 c6 25. h3 Rxf1+ 26. Rxf1 Rf8 27.
Rxf8+ Qxf8 28. Qa6 Qf4 29. Qxb6 Qe3+ 30. Kf1 Qd3+ 31. Ke1 Qxc3+ 32. Kd1 Qd3+ 33.
Kc1 Qf1+ 34. Bd1 Qf4+ 35. Kb2 Qg5 36. a4 Qxg2+ 37. Bc2 Qd5 38. a5 c5 39. Qxc5
Qa8 40. Qb6 Nc6 41. Be4 Nxa5 42. Qxe6+ 1-0

[Event "38th ECC Open 2023"]
[Site "Durres ALB"]
[Date "2023.10.03"]
[Round "3.7"]
[Board "1"]
[White "Nihal, Sarin"]
[Black "Heimann, Andreas"]
[Result "1/2-1/2"]
[WhiteTitle "GM"]
[BlackTitle "GM"]
[WhiteElo "2694"]
[BlackElo "2552"]
[WhiteTeam "TAJFUN SK Ljubljana"]
[BlackTeam "Schachgesellschaft Riehen"]
[WhiteFideId "25092340"]
[BlackFideId "24624632"]
[EventDate "2023.10.01"]

1. e4 e5 2. Nf3 Nc6 3. Bc4 Nf6 4. d3 Bc5 5. O-O O-O 6. h3 d6 7. c3 a6 8. a4 h6
9. Re1 Ba7 10. Nbd2 Be6 11. Bxe6 fxe6 12. b4 Qe8 13. Nf1 Nh5 14. Ra2 b5 15. Be3
Nf4 16. Bxf4 Rxf4 17. g3 Rf8 18. Kg2 Qf7 19. N1h2 Bb6 20. Qe2 Rad8 21. axb5 axb5
22. Rf1 Ra8 23. Rfa1 Rxa2 24. Rxa2 Nb8 25. Ra8 Kh7 26. Qc2 Qd7 27. Nf1 Qc6 28.
Ra2 Nd7 29. N1d2 Ra8 30. Rxa8 Qxa8 31. Qb3 Nf8 32. d4 exd4 33. cxd4 Qa4 34. Qc3
Kg8 35. h4 Nd7 36. Qc6 Nf8 37. Qc3 Nd7 38. h5 Qa8 39. Qd3 Qa4 40. Qc3 Qa8 41.
Qd3 Qa4 42. Qb1 Qa8 43. Qd3 1/2-1/2